000 00510nam a2200181Ia 4500
008 100920s9999 xx 000 0 und d
082 _b86247
_a51 न 02
100 _aगस्ती भीमराव.
245 _aबेरड.
260 _bराजहंस प्रकाशन, पुणे.
_c2002
300 _a310
_bसाधी
365 _b150
520 _aचरित्र.
630 _aबेरड.
650 _aचरित्र.
730 _aबेरड.
942 _cBOOK
999 _c726757
_d726754